| 000 | 00403nam a2200145Ia 4500 | ||
|---|---|---|---|
| 008 | 231129s2016||||xx |||||||||||||| ||spa|| | ||
| 020 | _a978-958-30-5313-9 | ||
| 040 | _bspa | ||
| 082 | _a(i) 833 M578c | ||
| 100 | _aMeschenmoser Sebastian 1980- | ||
| 245 | 0 | _aCaperucita roja no tiene ganas | |
| 260 | _c2016 | ||
| 264 | _aBogotá : Panamericana | ||
| 942 |
_2ddc _cBKS |
||
| 999 |
_c6617 _d6617 |
||